Welcome to the Holygrace Academy Library

Please use search bar below to get started

FAMOUS FIVE FALL INTO ADVENTURE (Record no. 8952)

MARC details
000 -LEADER
fixed length control field 00307nam a22001217a 4500
082 ## - DEWEY DECIMAL CLASSIFICATION NUMBER
Classification number 823
Item number BLY/F
100 ## - MAIN ENTRY--AUTHOR NAME
Personal name BLYTON, ENID
245 ## - TITLE STATEMENT
Title FAMOUS FIVE FALL INTO ADVENTURE
246 ## - VARYING FORM OF TITLE
Title proper/short title FAMOUS FIVE FALL INTO ADVENTURE
Remainder of title FAMOUS FIVE FALL INTO ADVENTURE
260 ## - PUBLICATION, DISTRIBUTION, ETC. (IMPRINT)
Place of publication U K
650 ## - SUBJECT ADDED ENTRY--TOPICAL TERM
Topical Term ENGLISH STORY
942 ## - ADDED ENTRY ELEMENTS (KOHA)
Koha item type Books
Holdings
Withdrawn status Lost status Collection code Home library Current library Date acquired Source of acquisition Cost, normal purchase price Full call number Accession Number Koha item type
  Missing Fiction Main Library Main Library 02/03/2000 PURCHASED 100.00 823 BLY/F 00061 Books